000 00523nam a22001937a 4500
003 OSt
008 250411b |||||||| |||| 00| 0 eng d
020 _a9789388022989
082 _a615.09 NAP
100 _aNagar, Akhil
245 _aPractical manual of Inorganic, Organic & Medicinal Chemistry
260 _aN.Delhi
_bIP Innovative Pub.
_c2023
300 _axviii,249
650 _aMedicinal Chemistry-I
700 _aLokwani, Deepak
700 _aBendale, Atul
700 _aChaudhari, Pritam B
942 _2ddc
_cBK
999 _c13279
_d13279